| 000 | 00945cam a22002291 4500 | ||
|---|---|---|---|
| 001 | he 65000041 | ||
| 003 | DLC | ||
| 005 | 20260227111427.0 | ||
| 008 | 830408s1964 dcua b 000 0 eng | ||
| 010 | _ahe 65000041 | ||
| 035 | _a(OCoLC)9390862 | ||
| 040 |
_aDLC _cCNoS _dDLC |
||
| 041 | 1 |
_aeng _hrus |
|
| 042 | _apremarc | ||
| 050 | 0 | 0 |
_aQC761 _b.V6413 |
| 100 | 1 |
_aVonsovskiĭ, S. V. _q(Sergeĭ Vasilʹevich) |
|
| 245 | 1 | 0 |
_aFerromagnetic resonance _b(Ferromagnitnyi rezonans); the phenomenon of resonance absorption of HF electromagnetic field energy in ferromagnetic materials. _cS.V. Vonsovskiĭ, editor. Translated from Russian [by Z. Lerman; edited by L.A. Levin] |
| 260 |
_aJerusalem, _bIsrael Program for Scientific Translations; [available from the Office of Technical Services, U.S. Dept. of Commerce, Washington] _c1964. |
||
| 300 |
_ax, 228 p. _billus. _c24 cm. |
||
| 504 | _aIncludes bibliographies. | ||
| 650 | 0 | _aFerromagnetism. | |
| 999 |
_c30856 _d30856 |
||